Music Quiz

Random Music or Rap Quiz

Tyler the Creator, Discography Quiz Stats

 Plays Quiz not verified by Sporcle

Score 0/78 Timer 15:00
0 Plays Today
% Correct
Yonkers
85.4%
Wolf
85%
911 / Mr. Lonely ft. Frank Ocean & Steve Lacy
83.8%
See You Again ft. Kali Uchis
82.7%
Who Dat Boy ft. ASAP Rocky
82.6%
Goblin
82.4%
Bastard
80.1%
Cherry Bomb
79.7%
She ft. Frank Ocean
79.5%
Boredom ft. Rex Orange County & Anna Of The North
77.3%
Foreword ft. Rex Orange County
75.8%
Glitter
75.7%
Pothole ft. Jaden Smith
75.5%
Deathcamp ft. Cole Alexander
74.5%
Garden Shed ft. Estelle
74.5%
Tamale
74%
November
74%
Where This Flower Blooms ft. Frank Ocean
73.6%
**** Young / Perfect ft. Charlie Wilson, Chaz Bundick, Syd Bennett & Kali Uchis
71.9%
Answer
69.7%
Smuckers ft. Lil Wayne & Kanye West
69.7%
Domo23
69.4%
IFHY ft. Pharrell
69.3%
I Ain't Got Time!
69.2%
Droppin' Seeds ft. Lil Wayne
66.8%
PartyIsntOver / Campfire / Bimmer ft. Lætitia Sadier & Frank Ocean
65.5%
Sometimes
65.5%
Enjoy Right Now, Today
65.5%
Jamba ft. Hodgy Beats
63.5%
Tron Cat
62.4%
Her
62.2%
Buffalo ft. Shane Powers
62.2%
Find Your Wings ft. Roy Ayers, Syd Bennett & Kali Uchis
60.2%
48
59.6%
2Seater ft. Aaron Shaw, Samantha Nelson & Austin Feinstein
57.5%
Rusty ft. Domo Genesis & Earl Sweatshirt
57.4%
Lone
57.4%
Awkward
57.1%
Pigs
56.4%
% Correct
Cowboy
56.2%
Colossus
55.8%
Radicals
55.6%
Slater ft. Frank Ocean
54%
Okaga CA ft. Alice Smith, Leon Ware & Clem Creevy
53.9%
Pilot ft. Syd Bennett
53.5%
Trashwang ft. Na'kel, Jasper, Lucas, L-Boy, Taco, Left Brain & Lee Spielman
52.7%
Treehome95 ft. Coco O & Erykah Badu
52.2%
Run ft. Chaz Bundick & Schoolboy Q
52%
The Brown Stains of Darkeese Latifah Part 6–12 (Remix) ft. Schoolboy Q
51%
Sandwitches ft. Hodgy Beats
50.7%
Fish
49.9%
Nightmare
48.5%
Blow My Load ft. Wanya Morris, Dâm-Funk, Austin Feinstein & Syd Bennett
48.1%
Transylvania
47.9%
Parking Lot ft. Casey Veggies & Mike G
47.1%
Blow
46.7%
Golden
46.2%
AU79
46%
Analog ft. Hodgy Beats
45.7%
Keep Da O's ft. Pharrell Williams & Coco O
45.5%
Bitch Suck Dick ft. Jasper Dolphin & Taco
45.4%
Burger ft. Hodgy Beats
45.3%
AssMilk ft. Earl Sweatshirt
43.7%
Window ft. Domo Genesis, Frank Ocean, Hodgy Beats & Mike G
43%
Steak Sauce
42.6%
French! ft. Hodgy Beats
36.8%
Untitled 63
35.7%
Seven
34%
VCR / Wheels
33.8%
Odd Toddlers ft. Casey Veggies
33.1%
Inglorious
29.8%
Sarah
29.5%
Pigs Fly ft. Domo Genesis
28.1%
Tina ft. Jasper Dolphin & Taco
25.8%
Parade
21.6%
Jack And The Beanstalk
20.7%
Session ft. Hodgy Beats & Brandun DeShay
18.8%
Slow It Down ft. Hodgy Beats
17.7%

You're not logged in!

Compare scores with friends on all Sporcle quizzes.
OR
Log In

Sporcle TV

Today on Sporcle TV


Watch our educational content, quiz creation guides, and fun videos on Sporcle TV.

Show Comments

Extras

Top Quizzes Today


Score Distribution

Your Account Isn't Verified!

In order to create a playlist on Sporcle, you need to verify the email address you used during registration. Go to your Sporcle Settings to finish the process.

Report this User

Report this user for behavior that violates our Community Guidelines.

Details: